Quizzes
Events
Quiz Creation
Community
Videos
Private Events
Remove Ads
Sign In
Join for FREE
Feedback
Dark Mode
Quiz Categories
Sports
Geography
Music
Movies
Television
Just For Fun
Miscellaneous
History
Literature
Language
Science
Gaming
Entertainment
Religion
Holiday
For Kids
Quiz Lab
Recent
Popular Today
Quiz Kudos Today
Editor Picks
Curator Picks
Quizzes by...
Day
Popularity
Type
Ratings
Length
Year
Community
Subscriptions
Recent Discussions
Orange Saloon
Badges
Playlists
Quests
Create
Leaderboards
Showdown
Live 5
Trivia Bingo
Activity
Puzzle Library
Sporcle Events
Private Events
Virtual Trivia
Globe League
Become a Host
Pub Owners
SporcleCon
Opinionation
Our Games
Videos
Blog
Mobile Apps
Partnerships
Remove Ads and Go Orange
Feedback
Music
Pop Music
The Beatles
Song
Album
Lyrics
Bands
Singers
Artist
Clip
Rock
Rap
Classical
Billboard
Country Music
Kpop
Taylor Swift
Music
Pop Music
The Beatles
Song
Album
Lyrics
Bands
Singers
Artist
Clip
Rock
Rap
Classical
Billboard
Country Music
Kpop
Taylor Swift
Random Quiz
Search Sporcle
×
Quiz Lab
Quiz Lab
Music
Song
Type in answers that appear in a list
Type in answers that appear in a list
Classic
Best Score? Go Orange.
The Monkees Intros (Clips) Stats
Can you name the Monkees songs by intro?
By
BR8N03epsilon
20m
50 Questions
165 Plays
165 Plays
165 Plays
Comments
Comments
Give Quiz Kudos
Give Quiz Kudos
-
- Ratings
hide this ad
Forced Order
Answers have to be entered in order
Answers have to be entered in order
Replay
Link that replays current quiz
Next Quiz
Link to next quiz in quiz playlist
You Got
0%
They Got
Avg Score
58%
Avg Friend Score
Upgrade to see
Score Distribution
Jump to the score distribution portion of the page
Score
0/50
Timer
20:00
0
Plays Today
Time
Song
% Correct
0:00
(Theme From) The Monkees
98.2%
0:31
Mary, Mary
87.3%
0:12
She
85.5%
3:26
Last Train To Clarksville
81.2%
1:02
Papa Gene's Blues
79.4%
6:13
I'm A Believer
78.2%
6:19
Daydream Believer
77.6%
4:24
(I'm Not Your) Steppin' Stone
75.8%
7:33
Pleasant Valley Sunday
75.8%
4:33
Randy Scouse Git
74.5%
5:55
Gonna Buy Me A Dog
74.5%
2:47
Cuddly Toy
73.3%
7:04
Valleri
72.7%
3:36
Goin' Down
72.1%
5:02
Listen To The Band
72.1%
3:52
She Hangs Out
71.5%
6:40
What Am I Doing Hangin' 'Round
71.5%
1:17
A Little Bit Me, A Little Bit You
70.9%
2:22
Words
69.7%
7:50
No Time
69.7%
4:10
Star Collector
69.1%
1:07
Shades Of Gray
68.5%
2:17
Your Auntie Grizelda
68.5%
4:45
You Just May Be The One
67.3%
7:18
Saturday's Child
67.3%
Time
Song
% Correct
8:13
Porpoise Song (Theme From 'Head')
66.7%
7:11
For Pete's Sake
65.5%
4:52
Circle Sky
63.6%
2:00
Daddy's Song
57.6%
2:28
All Of Your Toys
52.7%
3:15
Tapioca Tundra
52.7%
5:19
Daily Nightly
52.1%
6:51
Can You Dig It?
52.1%
5:45
Forget That Girl
50.3%
7:57
As We Go Along
47.9%
1:36
Me And Magdalena
44.2%
1:46
Mommy And Daddy
43%
3:41
Tear Drop City
42.4%
4:00
You Bring The Summer
41.2%
0:41
Oh My My
40.6%
2:57
She Makes Me Laugh
38.8%
7:40
Sunny Girlfriend
38.8%
0:20
P. O. Box 9847
37%
5:27
Someday Man
29.7%
1:30
You And I
28.5%
5:36
Regional Girl
27.3%
0:51
(I Prithee) Do Not Ask For Love
26.1%
6:27
A Man Without A Dream
18.2%
3:05
Naked Persimmon
16.4%
6:05
I Believe You
10.9%
Quiz Playlist
Details
Report
Send in Message
Add To Playlist
Classic:
Type in answers that appear in a list
Forced Order:
Answers have to be entered in order
Last Updated: Sep 28, 2017
Quiz Scoreboard
CHALLENGE
Sign Up to Join the Scoreboard
Show All
Scores
Hide
Comments
May contain spoilers
Recently Published
Movies - When Are They Set?
by FPL_Elf
Movies
5m
Popular People in 1961
by mucciniale
History
6m
1-10 Letter E Words III
by El_Dandy
Language
2m
More to Explore
Quiz From the Vault
Featured Blog Post
Where Did the Easter Bunny Come From?
hide this ad
You Might Also Like...
Tags
Clip Quiz
Song Quiz
Music Clip
The Monkees
Today's Top Quizzes in Music
Browse Music
hide this ad
Today's Top Quizzes in Song
Browse Song
Top Contributed Quizzes in Music
1
Taylor Swift All Songs (2024)
2
2010s Album by Cover III
3
One Thing in Common: Music
4
Taylor Swift Logic Puzzle
5
Guess the Artist- 70s Songs
6
2010s Album by Cover IV
7
Guess the Taylor Swift song (Mystery Song)
8
2010s Album by Cover V
9
Lana Del Rey Discography (BTD to DYKTTATUOB)
10
2010s Album by Cover VI
Explore More
Trending Topics
Harry Potter
Crossword
Kpop
Disney
NBA
Anime
Marvel
Soccer
The Office
NFL
Song
Puzzle
Country
Pokémon
WWE
hide this ad
More By:
BR8N03epsilon
Quiz
Plays
Rating
Category
Featured
Created
European Countries, Capitals, and Flags
7,656
4.74
Geography
Sep 17, 2013
Asian Countries, Capitals, and Flags
3,588
4.90
Geography
Sep 28, 2013
South American Countries, Capitals, and Flags
2,495
4.64
Geography
Sep 26, 2013
Arctic Monkeys - AM Songs
1,316
3.67
Music
Feb 9, 2017
African Countries, Capitals, and Flags
1,284
4.83
Geography
Sep 28, 2013
Go to Creator's Profile
Score Distribution
Quiz Creator Spotlight
BR8N03epsilon
Follow
Send a Message
Quizzes Created
-
Created Quiz Play Count
-
More By This Creator
Popular Quizzes Today
1
Find the US States - No Outlines Minefield
2
Find the Countries of Europe - No Outlines Minefield
3
The Countries of the World
4
Popular People in 1961
5
1-10 Letter E Words III
6
US States
7
Find the US States
8
One Thing in Common: World Cities II
More Music Quizzes
1980s Lyric Match II
Published
Trending Quizzes
Risky Map Clicking: Least Populous States A-Z
1-10 Letter F Words
1-10 Letter G Words
One Thing in Common: United Kingdom
Risky Map Clicking: Next State Alphabetically
Recently Updated
Leaping Animals
pecheneg
Reality TV Shows (A-Z)
bhenderson79
Rickey Henderson's Hall of Fame Teammates
pecheneg
Champions League XIs: Arsenal
pecheneg
Quick Pick: Celebrities in WWE's Hall of Fame
aduchscher
A-Z Keypad Blitz II
pecheneg
Multiple Oscar Actors
pecheneg
Mystery Phrase Blitz: Oscar 'Best Actors'
pecheneg
F. Scott Fitzgerald Novels
LTH
Pick 3 Villains
ddd62291
Trending Topics
Disney
Marvel
NBA
Harry Potter
Crossword
Anime
Kpop
NFL
Country
The Office
Soccer
WWE
Pokémon
Puzzle
Song
Your Account Isn't Verified!
In order to create a playlist on Sporcle, you need to verify the email address you used during registration. Go to your
Sporcle Settings
to finish the process.
Report this User
Report this user for behavior that violates our
Community Guidelines
.
Details:
Send Report
Go to the Sporcle.com Mobile Site →
Comments